=LDR 00000nam 2200000 4500 =001 INLIS000000000017054 =005 20130612112242 =008 ***********************************Ind** =035 ##$$0010-061300000017054 =041 ##$$a Ind =082 ##$$a 2x4.122 1 =090 ##$$a 2x4.122 1, Ish b =100 ##$$a Ishaq, Muhammad Shalih Ali Abdillah =245 ##$$a Bersujud di keheningan malam, Muhammad Shalih Ali Abdullah Ishaq =260 ##$$a 2004 $b Yogyakarta =300 ##$$a 668 hlm, 21 cm =650 ##$$a Shalat Malam =850 ##$$a NBPNMAT